Leasehold interests and negative values. (synopsis only) (Record no. 98090)

MARC details
000 -LEADER
fixed length control field 00577cam a2200181 4500
001 - CONTROL NUMBER
control field D10262
008 - FIXED-LENGTH DATA ELEMENTS--GENERAL INFORMATION
fixed length control field 090401t1979 xxu||||| |||| 00| 0 eng d
035 ## - SYSTEM CONTROL NUMBER
System control number (Sirsi) u94586
041 ## - LANGUAGE CODE
Language code of text/sound track or separate title eng
050 ## - LIBRARY OF CONGRESS CALL NUMBER
Classification number 333.3321
100 ## - MAIN ENTRY--PERSONAL NAME
Personal name Bowie, N.W.
245 ## - TITLE STATEMENT
Title Leasehold interests and negative values. (synopsis only)
260 ## - PUBLICATION, DISTRIBUTION, ETC.
Date of publication, distribution, etc. 1979
350 ## - PRICE (NR) (BK AM CF MU VM SE) [OBSOLETE]
Price 0
520 ## - SUMMARY, ETC.
Summary, etc. In: RICS. Balance sheet valuations - the background General Practice Division seminar...March 1979 1979/7ABC : (Also published in the Chartered Surveyor, April 1979, p363.)
942 ## - ADDED ENTRY ELEMENTS (KOHA)
Suppress in OPAC 0
948 ## - LOCAL PROCESSING INFORMATION (OCLC); SERIES PART DESIGNATOR (RLIN)
c (OCLC) 04/03/1997
Holdings
Withdrawn status Lost status Source of classification or shelving scheme Damaged status Not for loan Home library Current library Shelving location Date acquired Total Checkouts Full call number Barcode Date last seen Copy number Price effective from Koha item type
    Other/Generic Classification Scheme     London London RICS Boxes 04/09/2002   RICS 1979/7 94586-1001 06/08/2019 1 06/08/2019 Reference material